Promoting Cultural Tourism through Traditional Craft Villages in Hue City, Vietnam Opportunities and Challenges
| Main Author: | |
|---|---|
| Other Authors: | |
| Format: | Thesis |
| Kulcsszavak: | Artisan Communities cultural tourism Heritage Preservation Hue City tourism Traditional Craft Villages |
| Online Access: | http://dolgozattar.uni-bge.hu/59901 |
MARC
| LEADER | 00000nta a2200000 i 4500 | ||
|---|---|---|---|
| 001 | dolg59901 | ||
| 005 | 20260409145724.0 | ||
| 008 | 260409suuuu hu om 000 eng d | ||
| 040 | |a BGE Dolgozattár Repozitórium |b hun | ||
| 041 | |a en | ||
| 100 | 1 | |a Tran Quang Thanh | |
| 245 | 1 | 0 | |a Promoting Cultural Tourism through Traditional Craft Villages in Hue City, Vietnam |b Opportunities and Challenges |c Tran Quang Thanh |h [elektronikus dokumentum] |
| 520 | 3 | |a This thesis explores the potential of promoting cultural tourism through traditional craft villages in Hue City, Vietnam, a UNESCO-recognized heritage destination renowned for its historical and artisanal significance. Focusing on villages like Phu Cam, Thanh Tien, and Phuoc Tich, the study examines their cultural and economic contributions, opportunities for tourism integration, and challenges such as limited awareness, inadequate infrastructure, and sustainability pressures. Using a quantitative approach with surveys of artisans, residents, tourists, and officials, the research highlights strong cultural value and demand for interactive experiences, but identifies barriers like low visitation and marketing gaps. Recommendations include enhancing digital marketing via platforms like TikTok, improving infrastructure, expanding experiential offerings, supporting artisans through subsidies and apprenticeships, fostering stakeholder collaboration, and creating themed tourism routes. Grounded in Sustainable Tourism and Community-Based Tourism frameworks, the study offers actionable strategies to balance cultural preservation with economic growth, contributing to Hue’s sustainable tourism development and providing insights for heritage-based tourism globally. | |
| 695 | |a Artisan Communities | ||
| 695 | |a cultural tourism | ||
| 695 | |a Heritage Preservation | ||
| 695 | |a Hue City | ||
| 695 | |a tourism | ||
| 695 | |a Traditional Craft Villages | ||
| 700 | 1 | |a Kovács dr. Miklós |e ths | |
| 856 | 4 | 0 | |u http://dolgozattar.uni-bge.hu/59901/1/Thesis_Tran-Quang-Thanh_CSILXD.pdf |z Dokumentum-elérés |
| 856 | 4 | 0 | |u http://dolgozattar.uni-bge.hu/59901/2/Tran%20Quang%20Thanh.pdf |z Dokumentum-elérés |
| 856 | 4 | 0 | |u http://dolgozattar.uni-bge.hu/59901/3/MSc%20Assessment%20Sheet_2025_Tran%20Quang%20Thanh.pdf |z Dokumentum-elérés |